Chữa bệnh bằng thủy châm

Nội dung sách gồm: cơ chế, tác dụng của thủy châm, các dụng cụ thao tác, những câu hỏi đáp về thủy châm.

Đã lưu trong:
书目详细资料
主要作者: Trần, Nghĩa Trọng
格式: 图书
语言:Undetermined
出版: Cần Thơ Đại học Cần Thơ 2012
主题:
标签: 添加标签
没有标签, 成为第一个标记此记录!
Thư viện lưu trữ: Trung tâm Học liệu Trường Đại học Cần Thơ
LEADER 00711nam a2200205Ia 4500
001 CTU_229613
008 210402s9999 xx 000 0 und d
020 |c 25000 
082 |a 615.892 
082 |b Tr431 
100 |a Trần, Nghĩa Trọng 
245 0 |a Chữa bệnh bằng thủy châm 
245 0 |c Trần Nghĩa Trọng 
260 |a Cần Thơ 
260 |b Đại học Cần Thơ 
260 |c 2012 
520 |a Nội dung sách gồm: cơ chế, tác dụng của thủy châm, các dụng cụ thao tác, những câu hỏi đáp về thủy châm. 
650 |a Acupuncture 
904 |i Năm 
980 |a Trung tâm Học liệu Trường Đại học Cần Thơ